000 00726nam a2200241 i 4500
001 183211
003 ES-MaACL
005 20240429125759.0
008 140130s1990 sp |||| ||spa d
020 _a84-7223-178-X
080 _a821.133.1-96"19"
100 1 _aCioran, E. M.
_938864
245 1 0 _aSilogismos de la amargura /
_cE. M. Cioran ; traducción de Rafael Panizo.
250 _a[1ª ed. ].
260 _aBarcelona :
_bTusquets,
_c1990.
300 _a147 p. ;
_c21 cm.
490 1 _aMarginales ;
_v109
700 1 1 _aPanizo, Rafael.
_988795
830 0 0 _aMarginales ;
_v109
_9236110
852 _aES-MaACL
_jL-30048
_z.- Donat. Miguel A. Velasco
942 _2udc
999 _c183211
_d183211